| 000 | 01919 a2200253 4500 | ||
|---|---|---|---|
| 003 | Nust | ||
| 005 | 20230905110138.0 | ||
| 010 | _a 00038854 | ||
| 020 | _c0780353560 | ||
| 040 | _cNust | ||
| 082 | 0 | 0 | _a629.8,SAM |
| 245 | 0 | 0 |
_aPerspectives in control engineering : _btechnologies, applications, and new directions / _c[edited by] Tariq Samad. |
| 260 |
_aNew York : _bIEEE Press, _cc2001. |
||
| 300 |
_axxv, 503 p. : _bill. ; _c26 cm. |
||
| 505 | _aReal-Time Computing and Control (Page-1), Discrete-Event Systems and Their Optimization (Page-20), Computer-Automated Control System Design (Page-42), System Modeling (Page-71), Intelligent Control: an Overview of Techniques (Page-104), Neural, Fuzzy, and Approximation-Based Control (Page-134), Supervisory Hybrid Control Systems (Page-165), Variable Structure and Sliding-Mode Control (Page-189), Control Systems for "Complexity Management (Page-218), Control of Multivehicle Aerospace Systems (Page-239), Affordable Flight Control for Aircraft and Missiles (Page-259), Industrial Process Control (Page-291), Power System Control and Estimation in a Competitive Environment (Page-324), Intelligent Transportation Systems: Roadway Applications (Page-348), Automotive Power train Controller Development Using Cacsd (Page-370), Building Control and Automation Systems (Page-393), Controlling Civil Infrastructures (Page-417), Robot Control (Page-442), Control of Communication Networks (Page-462) | ||
| 650 | 0 | _aAutomatic control. | |
| 650 | 0 | _cTelecommunication engineering | |
| 651 |
_aControl theory. _999428 |
||
| 700 | 1 |
_aSamad, Tariq. _999429 |
|
| 856 | 4 | 2 |
_3Contributor biographical information _uhttp://www.loc.gov/catdir/bios/wiley043/00038854.html |
| 856 | 4 | 2 |
_3Publisher description _uhttp://www.loc.gov/catdir/description/wiley036/00038854.html |
| 856 | 4 | 2 |
_3Table of Contents _uhttp://www.loc.gov/catdir/toc/onix07/00038854.html |
| 942 |
_cREF _2ddc |
||
| 999 |
_c178736 _d178736 |
||